00682naa a22001577i 4500003000900000005001700009008004100026035001700067040003700084041000800121080001700129100013900146245015900285650001900444773006100463KOSZ 00520180327143200.0160308s2007 pl |||f| ||||0|| 0 pol  aPBN-R:252468 cKOSZ 005/mdaPBN-IDdKOSZ 005/HR0 apol a338.48-53:631 aCZERWIŃSKA-JAŚKIEWICZ, Małgorzata.d2002 - .bPolitechnika Koszalińska - Instytut Ekonomii i Zarządzania,cZakład Marketingu10aAgroturystyka, jako rodzaj usług publicznych na obszarach wiejskich - przykład empiryczny województwa zachodniopomorskiego.cMałgorzata Czerwińska. 0aAgroturystyka.0 iW:tRaport z badań empirycznych. -dWarszawa : 2007. -